[Event "Catalunya-chT Honor"]
[Site "Catalunya"]
[Date "2013.02.16"]
[Round "5.10"]
[White "Ayza Leon, David"]
[Black "Aalbersberg Kroon, Pedro"]
[Result "1-0"]
[WhiteElo "2183"]
[BlackElo "1880"]
[PlyCount "39"]
[EventDate "2013.01.19"]
[EventType "team-tourn"]
[EventRounds "11"]
[EventCountry "ESP"]
[SourceTitle "EXT 2014"]
[Source "ChessBase"]
[SourceDate "2013.11.20"]
[SourceVersion "1"]
[SourceVersionDate "2013.11.20"]
[SourceQuality "1"]
[WhiteTeam "Barcelona Uga"]
[BlackTeam "Sitges"]
[WhiteTeamCountry "ESP"]
[BlackTeamCountry "ESP"]

1. e4 d5 2. exd5 Nf6 3. Nc3 Nxd5 4. Bc4 e6 5. Qf3 Nxc3 6. dxc3 Nc6 7. Qg3 Qd6 8. Bf4 Qc5 9. Bb3 e5 10. Be3 Qe7 11. Nf3 Bd7 12. Ng5 Nd8 13. 0-0-0 f6 14. Nxh7 Ne6 15. Qg6+ Kd8 16. Bxe6 Qxe6 17. Ng5 Qg8 18. Nf7+ Ke7 19. Bc5+ Ke6 20. Ng5# 1-0

[Event "Las Palmas op"]
[Site "Las Palmas"]
[Date "2009.12.03"]
[Round "2"]
[White "Ortega Hermida, Daniel"]
[Black "Aalbersberg Kroon, Pedro"]
[Result "1-0"]
[WhiteElo "2392"]
[BlackElo "1977"]
[PlyCount "59"]
[EventDate "2009.12.02"]
[EventType "swiss"]
[EventRounds "9"]
[EventCountry "ESP"]
[SourceTitle "CBM 133 Extra"]
[Source "ChessBase"]
[SourceDate "2010.01.05"]
[SourceVersion "1"]
[SourceVersionDate "2010.01.05"]
[SourceQuality "1"]

1. d4 Nf6 2. c4 g6 3. Nc3 Bg7 4. e4 d6 5. Nf3 0-0 6. Be2 Nc6 7. 0-0 e5 8. d5 Ne7 9. Ne1 Ne8 10. Nd3 f5 11. Bd2 Nf6 12. f3 f4 13. c5 g5 14. cxd6 cxd6 15. Nf2 h5 16. h3 Ng6 17. Qc2 Rf7 18. Rfc1 Bf8 19. Nb5 Ne8 20. a4 g4 21. fxg4 hxg4 22. hxg4 Qh4 23. Ra3 f3 24. Rxf3 Nf4 25. Bxf4 exf4 26. Nd4 Qf6 27. Ne6 Bh6 28. g5 Bxg5 29. e5 dxe5 30. Ne4 1-0

[Event "Salou op 08th"]
[Site "Salou"]
[Date "2006.06.12"]
[Round "6"]
[White "Tscharotschkin, Michael"]
[Black "Aalbersberg Kroon, Pedro"]
[Result "1-0"]
[WhiteElo "2244"]
[BlackElo "2096"]
[PlyCount "93"]
[EventDate "2006.06.07"]
[EventType "swiss"]
[EventRounds "9"]
[EventCountry "ESP"]
[SourceTitle "CBM 112 Extra"]
[Source "ChessBase"]
[SourceDate "2006.07.14"]
[SourceVersion "1"]
[SourceVersionDate "2006.07.14"]
[SourceQuality "1"]

1. e4 e5 2. Nf3 Nc6 3. c3 d5 4. Bb5 a6 5. Bxc6+ bxc6 6. Qa4 dxe4 7. Qxc6+ Bd7 8. Qxe4 Bd6 9. 0-0 Nf6 10. Qh4 e4 11. Ng5 Bc6 12. d3 0-0 13. Nxe4 Nxe4 14. Qxd8 Raxd8 15. dxe4 Bxe4 16. Be3 f5 17. f3 Bc6 18. Nd2 Rfe8 19. Bg5 Rb8 20. b4 h6 21. Bh4 Bf4 22. Nb3 Bb5 23. Rfe1 Rxe1+ 24. Rxe1 Re8 25. Rxe8+ Bxe8 26. Bg3 Bxg3 27. hxg3 Kf7 28. c4 Kf6 29. f4 Bf7 30. Nd2 Ke7 31. Kf2 Kd6 32. Ke3 g5 33. fxg5 hxg5 34. Kd4 g4 35. Nf1 Be8 36. Ne3 Bd7 37. Nd5 Bc6 38. c5+ Kd7 39. Ke5 Kd8 40. Ne3 Be4 41. Nxg4 Bxg2 42. Kxf5 Kd7 43. Ne5+ Ke8 44. g4 Bb7 45. g5 a5 46. b5 a4 47. a3 1-0

[Event "Salou op 08th"]
[Site "Salou"]
[Date "2006.06.11"]
[Round "5"]
[White "Aalbersberg Kroon, Pedro"]
[Black "Benitah, Yohan"]
[Result "0-1"]
[WhiteElo "2096"]
[BlackElo "2417"]
[PlyCount "52"]
[EventDate "2006.06.07"]
[EventType "swiss"]
[EventRounds "9"]
[EventCountry "ESP"]
[SourceTitle "CBM 112 Extra"]
[Source "ChessBase"]
[SourceDate "2006.07.14"]
[SourceVersion "1"]
[SourceVersionDate "2006.07.14"]
[SourceQuality "1"]

1. e4 e6 2. d4 d5 3. Nc3 Nf6 4. Bg5 Bb4 5. e5 h6 6. Bd2 Bxc3 7. bxc3 Ne4 8. Nf3 c5 9. dxc5 Qc7 10. Bd3 Qxc5 11. 0-0 Nxd2 12. Qxd2 0-0 13. Rfb1 b6 14. Rb4 f5 15. exf6 Rxf6 16. Re1 Nc6 17. Rh4 Bd7 18. h3 Raf8 19. Re2 b5 20. Nh2 e5 21. g4 e4 22. Bxe4 dxe4 23. Qxd7 Rxf2 24. Qe6+ R2f7+ 25. Kh1 Nd8 26. Qxe4 Rf1+ 0-1

[Event "Benidorm Bali op-A"]
[Site "Benidorm"]
[Date "2003.11.26"]
[Round "7"]
[White "Aalbersberg Kroon, Pedro"]
[Black "Cano Sanchez, Josue"]
[Result "0-1"]
[WhiteElo "2165"]
[BlackElo "2224"]
[PlyCount "60"]
[EventDate "2003.11.21"]
[EventType "swiss"]
[EventRounds "9"]
[EventCountry "ESP"]
[SourceTitle "CBM 097 Extra"]
[Source "ChessBase"]
[SourceDate "2004.01.13"]
[SourceVersion "1"]
[SourceVersionDate "2004.01.13"]
[SourceQuality "1"]

1. e4 e6 2. d4 d5 3. Nc3 Bb4 4. Nge2 dxe4 5. a3 Be7 6. Nxe4 Nf6 7. N2g3 Nc6 8. c3 e5 9. Be3 exd4 10. cxd4 0-0 11. Be2 Nd5 12. 0-0 f5 13. Nc3 Nxc3 14. bxc3 f4 15. Bd3 g6 16. Qb3+ Kh8 17. d5 fxe3 18. dxc6 Qxd3 19. cxb7 Bxb7 20. Qxb7 exf2+ 21. Kh1 Bd6 22. Rad1 Qxc3 23. Ne4 Qxa3 24. Rxd6 Rab8 25. Qa6 Rb1 26. Qc4 Rxf1+ 27. Qxf1 cxd6 28. Nxf2 Qb2 29. Kg1 a5 30. Qe1 Qxf2+ 0-1

[Event "Sitges op 29th"]
[Site "Sitges"]
[Date "2003.07.21"]
[Round "4"]
[White "Jurkovic, Ante"]
[Black "Aalbersberg Kroon, Pedro"]
[Result "1-0"]
[WhiteElo "2324"]
[BlackElo "2199"]
[PlyCount "104"]
[EventDate "2003.07.18"]
[EventType "swiss"]
[EventRounds "9"]
[EventCountry "ESP"]
[SourceTitle "CBM 095 Extra"]
[Source "ChessBase"]
[SourceDate "2003.09.04"]
[SourceVersion "1"]
[SourceVersionDate "2003.09.04"]
[SourceQuality "1"]

1. e4 e5 2. Nf3 Nc6 3. Bb5 a6 4. Ba4 Nf6 5. 0-0 Be7 6. Re1 b5 7. Bb3 d6 8. c3 0-0 9. a4 Bg4 10. d3 Qd7 11. Nbd2 Na5 12. Bc2 c5 13. Nf1 Nc6 14. Ne3 Bh5 15. Nf5 b4 16. a5 Bg4 17. Ne3 Bh5 18. Ba4 Qc7 19. Nf5 Bd8 20. h3 Ne7 21. g4 Nxg4 22. hxg4 Bxg4 23. Qe2 Nxf5 24. exf5 Bxf5 25. Nd2 Qe7 26. Ne4 Qe6 27. Ng3 Bg6 28. Bc6 Rb8 29. c4 Kh8 30. Bd5 Qh3 31. Bg2 Qh4 32. Bf3 f5 33. Kg2 Qe7 34. Rh1 f4 35. Ne4 Bf7 36. Nd2 Be6 37. Be4 h6 38. Qh5 Qf7 39. Nf3 Qxh5 40. Rxh5 Bf7 41. Rh1 h5 42. b3 g5 43. Bb2 Bf6 44. Rag1 Kg7 45. Kf1 Kh6 46. Nd2 Rg8 47. f3 Rg7 48. Rg2 Be6 49. Rgh2 h4 50. Ke2 g4 51. fxg4 Bxg4+ 52. Nf3 h3 1-0